Fr. Conceicao Rodrigues College of Engineering

Basic Managerial Skills for all (Record no. 24043)

MARC details
000 -LEADER
fixed length control field 00269nam a2200133Ia 4500
100 ## - MAIN ENTRY--PERSONAL NAME
Personal name Mcgrath/E.H.
245 ## - TITLE STATEMENT
Title Basic Managerial Skills for all
260 ## - PUBLICATION, DISTRIBUTION, ETC.
Name of publisher, distributor, etc. #N/A
Date of publication, distribution, etc. 2011
366 ## - TRADE AVAILABILITY INFORMATION
Publishers's discount category 25
300 ## - PHYSICAL DESCRIPTION
Extent 812
546 ## - LANGUAGE NOTE
Language note ENGLISH
650 ## - SUBJECT ADDED ENTRY--TOPICAL TERM
Topical term or geographic name entry element PRODUCTION
942 ## - ADDED ENTRY ELEMENTS (KOHA)
Koha item type BOOK
Holdings
Withdrawn status Lost status Damaged status Not for loan Collection Home library Current library Date acquired Source of acquisition Cost, normal purchase price Inventory number Total Checkouts Full call number Barcode Date due Date last seen Date last checked out Cost, replacement price Price effective from Koha item type
        AFT Fr. Agnel's C.Rodrigues College of Engineering Fr. Agnel's C.Rodrigues- College of Engineering 17/03/2023 Allied Publishers 296.25 CR/002140 1 AFT8152 27/04/2012 12/06/2023 12/06/2023 395.00   BOOK